A response to Buch and Roda's analysis of the subprime crisis (Record no. 80608)
[ view plain ]
| 000 -LEADER | |
|---|---|
| fixed length control field | 01099cab a22001815a 4500 |
| 001 - CONTROL NUMBER | |
| control field | L144829 |
| 008 - FIXED-LENGTH DATA ELEMENTS--GENERAL INFORMATION | |
| fixed length control field | 080812s2008 xxk f 000 0 eng d |
| 035 ## - SYSTEM CONTROL NUMBER | |
| System control number | (Sirsi) u144829 |
| 041 0# - LANGUAGE CODE | |
| Language code of text/sound track or separate title | eng |
| 100 1# - MAIN ENTRY--PERSONAL NAME | |
| Personal name | Ruby, Susan |
| 245 02 - TITLE STATEMENT | |
| Title | A response to Buch and Roda's analysis of the subprime crisis |
| 260 ## - PUBLICATION, DISTRIBUTION, ETC. | |
| Date of publication, distribution, etc. | 2008 |
| 490 ## - SERIES STATEMENT | |
| Series statement | Real Estates Review |
| Volume/sequential designation | 37(2) 2008, 17-29(13) |
| 520 ## - SUMMARY, ETC. | |
| Summary, etc. | Published in response to 'Possible causes of the current subprime mortgage loan crisis' (L143640), this article analyzes Buch and Rhoda's review. It provides four generalised areas where the author believes that the authors of the previous study have provided overly simplistic statistics and definition. These are: 'geographic'; 'aggregation'; 'definitional' and 'institutional'. The article was published with the aim of assisting with the tightening of underwriting standards, while still allowing for some provision to subprime finance. |
| 651 #4 - SUBJECT ADDED ENTRY--GEOGRAPHIC NAME | |
| Geographic name | United States |
| Chronological subdivision | 1959- |
| 690 ## - LOCAL SUBJECT ADDED ENTRY--TOPICAL TERM (OCLC, RLIN) | |
| Topical term or geographic name as entry element | PROPERTY-RESIDENTIAL PROPERTY-RESIDENTIAL PROPERTY FINANCE AND INVESTMENT-MORTAGING RESIDENTIAL PROPERTY |
| 942 ## - ADDED ENTRY ELEMENTS (KOHA) | |
| Suppress in OPAC | 0 |
| Withdrawn status | Lost status | Source of classification or shelving scheme | Damaged status | Not for loan | Home library | Current library | Shelving location | Date acquired | Total Checkouts | Full call number | Barcode | Date last seen | Copy number | Price effective from | Koha item type |
|---|---|---|---|---|---|---|---|---|---|---|---|---|---|---|---|
| Dewey Decimal Classification | London | London | Journal article | 12/08/2008 | L144829 | 144829-1001 | 06/08/2019 | 1 | 06/08/2019 | Journal article |